<?xml version="1.0" encoding="UTF-8"?>
<record
    xmlns:xsi="http://www.w3.org/2001/XMLSchema-instance"
    xsi:schemaLocation="http://www.loc.gov/MARC21/slim http://www.loc.gov/standards/marcxml/schema/MARC21slim.xsd"
    xmlns="http://www.loc.gov/MARC21/slim">

  <leader>00732cam a2200229   4500</leader>
  <datafield tag="999" ind1=" " ind2=" ">
    <subfield code="c">7180</subfield>
    <subfield code="d">7180</subfield>
  </datafield>
  <datafield tag="020" ind1=" " ind2=" ">
    <subfield code="a">9789575036492</subfield>
    <subfield code="c">&#x65B0;&#x81FA;&#x5E63;380&#x5143;</subfield>
  </datafield>
  <datafield tag="100" ind1="1" ind2=" ">
    <subfield code="a">&#x9673;&#x5FD7;&#x6046;</subfield>
  </datafield>
  <datafield tag="245" ind1="1" ind2="0">
    <subfield code="a">&#x6B63;&#x5411;&#x805A;&#x7126;&#xFF1A;</subfield>
    <subfield code="b">&#x6709;&#x6548;&#x80AF;&#x5B9A;&#x7684;&#x4E09;&#x5341;&#x7A2E;&#x8B8A;&#x5316;, &#x9EDE;&#x71C3;&#x5B69;&#x5B50;&#x7684;&#x5167;&#x5728;&#x52D5;&#x529B; / </subfield>
    <subfield code="c">&#x9673;&#x5FD7;&#x6046;&#x8457;</subfield>
  </datafield>
  <datafield tag="250" ind1=" " ind2=" ">
    <subfield code="a">&#x7B2C;&#x4E00;&#x7248;</subfield>
  </datafield>
  <datafield tag="260" ind1=" " ind2=" ">
    <subfield code="a">&#x81FA;&#x5317;&#x5E02; : </subfield>
    <subfield code="b">&#x89AA;&#x5B50;&#x5929;&#x4E0B;, </subfield>
    <subfield code="c">2020.10</subfield>
  </datafield>
  <datafield tag="300" ind1=" " ind2=" ">
    <subfield code="a">358&#x9762; : </subfield>
    <subfield code="c">21&#x516C;&#x5206;</subfield>
  </datafield>
  <datafield tag="490" ind1="0" ind2=" ">
    <subfield code="a">&#x5BB6;&#x5EAD;&#x8207;&#x751F;&#x6D3B; ; </subfield>
    <subfield code="v">064.</subfield>
  </datafield>
  <datafield tag="942" ind1=" " ind2=" ">
    <subfield code="2">ccl</subfield>
    <subfield code="c">BOOK</subfield>
  </datafield>
  <datafield tag="952" ind1=" " ind2=" ">
    <subfield code="0">0</subfield>
    <subfield code="1">0</subfield>
    <subfield code="2">ccl</subfield>
    <subfield code="4">0</subfield>
    <subfield code="7">0</subfield>
    <subfield code="a">yeezen</subfield>
    <subfield code="b">yeezen</subfield>
    <subfield code="c">YEEZEN</subfield>
    <subfield code="d">2020-11-10</subfield>
    <subfield code="l">16</subfield>
    <subfield code="m">6</subfield>
    <subfield code="o">528.2</subfield>
    <subfield code="p">C02761</subfield>
    <subfield code="r">2023-07-14 00:00:00</subfield>
    <subfield code="s">2023-07-04</subfield>
    <subfield code="w">2020-11-10</subfield>
    <subfield code="y">BOOK</subfield>
    <subfield code="z">&#x4E00;&#x672C;&#x5BEB;&#x7D66;&#x4E0D;&#x77E5;&#x8A72;&#x5982;&#x4F55;&#x958B;&#x53E3;&#x8B9A;&#x7F8E;&#x7684;&#x5927;&#x4EBA;&#xFF0C;&#x4EE5;&#x53CA;&#x53D7;&#x632B;&#x5B69;&#x5B50;&#x7684;&#x6559;&#x7DF4;&#x4E4B;&#x66F8;&#xFF0C;&#x544A;&#x8A34;&#x5927;&#x4EBA;&#x5982;&#x4F55;&#x4EE5;&#x6EAB;&#x6696;&#x800C;&#x5805;&#x5B9A;&#x7684;&#x8A9E;&#x8A00;&#x8868;&#x60C5; &#xFF0C;&#x6FC0;&#x767C;&#x5B69;&#x5B50;&#x7684;&#x6B63;&#x5411;&#x6210;&#x9577;&#x52D5;&#x529B;&#x3002;</subfield>
  </datafield>
</record>
